[Event "Campeonato Carioca Absoluto FEXERJ  2023"]
[Site "Club Municipal - R Haddock Lob"]
[Date "2023.07.22"]
[Round "2.1"]
[White "Erick, De Figueiredo Maia"]
[Black "Eduardo, Thelio Da Silva Limp"]
[Result "0-1"]
[WhiteElo "1965"]
[BlackElo "2382"]
[PlyCount "54"]
[EventDate "2023.07.22"]

1. e4 c5 2. Nf3 d6 3. d4 cxd4 4. Nxd4 Nf6 5. Nc3 a6 6. a4 e5 7. Nf3 Qc7 8. Be2
h6 9. h3 Be6 10. Be3 Nbd7 11. O-O Be7 12. Nh2 Rc8 13. Re1 O-O 14. Ng4 Nxg4 15.
Bxg4 Nf6 16. Nd5 Nxd5 17. exd5 Bxg4 18. Qxg4 f5 19. Qb4 f4 20. Bd2 Qd7 21. f3
Rxc2 22. Bc3 Bh4 23. Re4 Bf2+ 24. Kh1 Rf5 25. Qb3 Rh5 26. Kh2 Bg3+ 27. Kg1
Rxg2+ 0-1

[Event "Campeonato Carioca Absoluto FEXERJ  2023"]
[Site "Club Municipal - R Haddock Lob"]
[Date "2023.07.22"]
[Round "2.2"]
[White "Daniel, Rangel"]
[Black "Israel, Marcos Marinho Almei"]
[Result "1-0"]
[WhiteElo "2330"]
[BlackElo "1949"]
[PlyCount "53"]
[EventDate "2023.07.22"]

1. e4 e6 2. d3 d5 3. Nd2 c5 4. Ngf3 dxe4 5. dxe4 Nf6 6. Bc4 Be7 7. O-O O-O 8.
c3 b6 9. Qe2 Bb7 10. a4 Qc7 11. e5 Nfd7 12. Re1 Nc6 13. Nf1 a6 14. Bd3 Rfd8 15.
Bc2 Nf8 16. h4 Na5 17. Ng5 h6 18. Nh3 Nh7 19. Qh5 Bf8 20. Re3 Rd5 21. Rg3 Kh8
22. Bxh7 Rxe5 23. Qg4 h5 24. Qd1 Rd8 25. Qc2 g6 26. Bxg6 fxg6 27. Bf4 1-0

[Event "Campeonato Carioca Absoluto FEXERJ  2023"]
[Site "Club Municipal - R Haddock Lob"]
[Date "2023.07.22"]
[Round "2.3"]
[White "Pedro, Henrique Monteiro De"]
[Black "Brayan, Lincoln Menezes De S"]
[Result "0-1"]
[WhiteElo "1936"]
[BlackElo "2263"]
[PlyCount "44"]
[EventDate "2023.07.22"]

1. e4 e5 2. Nf3 Nc6 3. Bc4 Nf6 4. Nc3 Nxe4 5. Bxf7+ Kxf7 6. Nxe4 d5 7. Neg5+
Kg8 8. d4 h6 9. Nh3 e4 10. Ne5 Qf6 11. Nxc6 bxc6 12. Nf4 Bd6 13. Ne2 Qg6 14.
Ng3 h5 15. Be3 h4 16. Ne2 Qxg2 17. Rg1 Qf3 18. Qd2 Bxh2 19. Rg6 Bf5 20. Rg5 Bg4
21. Qd1 Bd6 22. Kd2 h3 0-1

[Event "Campeonato Carioca Absoluto FEXERJ  2023"]
[Site "Club Municipal - R Haddock Lob"]
[Date "2023.07.22"]
[Round "2.4"]
[White "Wagner, Peixoto Guimaraes"]
[Black "Gabriel, Andrade Bastos"]
[Result "1/2-1/2"]
[WhiteElo "2257"]
[BlackElo "1928"]
[PlyCount "54"]
[EventDate "2023.07.22"]

1. e4 c5 2. Nf3 g6 3. c3 Bg7 4. Bc4 Nc6 5. O-O Qb6 6. Re1 d6 7. Na3 Nf6 8. Bb3
O-O 9. h3 Na5 10. Nc4 Nxc4 11. Bxc4 Bd7 12. e5 dxe5 13. Nxe5 Bb5 14. d3 Rad8
15. Qf3 Bxc4 16. dxc4 Ne8 17. Ng4 Qc7 18. Nh6+ Bxh6 19. Bxh6 Ng7 20. Bf4 Qb6
21. Rxe7 Qxb2 22. Rf1 Qxa2 23. Be5 f6 24. Qxb7 Nf5 25. Rxh7 fxe5 26. g4 Rb8 27.
Qc7 Rbc8 1/2-1/2

[Event "Campeonato Carioca Absoluto FEXERJ  2023"]
[Site "Club Municipal - R Haddock Lob"]
[Date "2023.07.22"]
[Round "2.5"]
[White "Ernesto, Cesar Ourique Schlob"]
[Black "Rafael, Ventura Dos Santos"]
[Result "0-1"]
[WhiteElo "1918"]
[BlackElo "2254"]
[PlyCount "88"]
[EventDate "2023.07.22"]

1. d4 Nf6 2. c4 g6 3. Nc3 Bg7 4. e4 d6 5. Nf3 O-O 6. Bd3 e5 7. Bg5 exd4 8. Nxd4
h6 9. Be3 Ng4 10. O-O Nxe3 11. fxe3 Nd7 12. Qc2 Ne5 13. Be2 Qg5 14. Qd2 c6 15.
Nf3 Nxf3+ 16. Bxf3 Be5 17. Ne2 Be6 18. Rac1 Kg7 19. Nf4 h5 20. Qf2 Bxf4 21.
exf4 Qxf4 22. Qd4+ Qe5 23. Qd2 a5 24. Rfd1 Qc5+ 25. Qd4+ Kh7 26. Qxc5 dxc5 27.
e5 Rfd8 28. Rd6 Rxd6 29. exd6 Rd8 30. Rd1 Kg7 31. b3 Kf6 32. Kf2 Ke5 33. Re1+
Kxd6 34. Ke3 Ke5 35. Kf2+ Kf6 36. Ke3 Rd4 37. Rc1 Bf5 38. Rc3 Ke5 39. g3 Be6
40. h4 f5 41. a3 a4 42. Be2 axb3 43. Rxb3 Re4+ 44. Kf3 Rxe2 0-1

[Event "Campeonato Carioca Absoluto FEXERJ  2023"]
[Site "Club Municipal - R Haddock Lob"]
[Date "2023.07.22"]
[Round "2.6"]
[White "Iago, Henrique Da Silva So"]
[Black "Givanildo, Jose Duarte De Lira"]
[Result "1-0"]
[WhiteElo "2168"]
[BlackElo "1912"]
[PlyCount "39"]
[EventDate "2023.07.22"]

1. e4 c5 2. c3 Nf6 3. e5 Nd5 4. Nf3 e6 5. d4 cxd4 6. cxd4 Be7 7. Bd3 d6 8. a3
dxe5 9. dxe5 Nc6 10. O-O O-O 11. Bd2 b6 12. Qc2 Bb7 13. Bxh7+ Kh8 14. Be4 Rc8
15. Qd3 g6 16. Bh6 Rg8 17. Rd1 Kh7 18. Bc1 Na5 19. Nd4 Bg5 20. Qh3+ 1-0

[Event "Campeonato Carioca Absoluto FEXERJ  2023"]
[Site "Club Municipal - R Haddock Lob"]
[Date "2023.07.22"]
[Round "2.7"]
[White "Luiz, Antonio Bardaro Manz"]
[Black "Pedro, Nunes Pereira"]
[Result "1/2-1/2"]
[WhiteElo "2138"]
[BlackElo "1899"]
[PlyCount "103"]
[EventDate "2023.07.22"]

1. Nf3 d5 2. g3 Nf6 3. Bg2 Bf5 4. O-O e6 5. d4 Be7 6. c3 h6 7. Nbd2 O-O 8. Re1
c6 9. Ne5 Nbd7 10. f4 Rc8 11. e4 dxe4 12. Nxe4 Nxe4 13. Bxe4 Bxe4 14. Rxe4 Nf6
15. Re1 c5 16. Be3 cxd4 17. Bxd4 Qc7 18. Qb3 Bc5 19. Rad1 Rfd8 20. Nf3 Qc6 21.
Ne5 Qc7 22. Qa4 Qb6 23. Bxc5 Qxc5+ 24. Kg2 Nd5 25. Qe4 Rd6 26. Rd4 Qb6 27. Nc4
Rxc4 28. Rxc4 Qxb2+ 29. Re2 Qb6 30. Rc8+ Rd8 31. Rxd8+ Qxd8 32. c4 Nc3 33. Qf3
Nxe2 34. Qxe2 Qc7 35. Qd3 a6 36. a3 g6 37. Kh3 Kf8 38. Qd4 h5 39. Kh4 Qe7+ 40.
Kh3 Qxa3 41. Qd8+ Kg7 42. Qd4+ Kg8 43. c5 Qa5 44. Qd6 Qb5 45. Qd8+ Kg7 46. Qd4+
Kf8 47. Qd6+ Kg8 48. Qd8+ Kh7 49. Qc7 Kg7 50. Qe5+ Kf8 51. Qd6+ Ke8 52. Qb8+
1/2-1/2

[Event "Campeonato Carioca Absoluto FEXERJ  2023"]
[Site "Club Municipal - R Haddock Lob"]
[Date "2023.07.22"]
[Round "2.8"]
[White "Kaue, Dos Santos Leal"]
[Black "Pedro, Pessoa Gomes"]
[Result "1/2-1/2"]
[WhiteElo "1906"]
[BlackElo "2128"]
[PlyCount "62"]
[EventDate "2023.07.22"]

1. e4 c5 2. Nf3 g6 3. c3 d5 4. exd5 Qxd5 5. d4 Nf6 6. Be2 Bg7 7. O-O O-O 8. Re1
e6 9. Nbd2 cxd4 10. Nxd4 Rd8 11. Bf3 Qd6 12. Qb3 Na6 13. Nc4 Qe7 14. Bf4 Nc5
15. Qc2 Nd5 16. Bg3 f5 17. Nb5 f4 18. Bxd5 Rxd5 19. Bxf4 Nd3 20. Bd6 Nxe1 21.
Rxe1 Qh4 22. Qb3 b6 23. Bg3 Qg5 24. Nc7 Bb7 25. h4 Qd8 26. Nxe6 Qe7 27. Nd6
Rxd6 28. Bxd6 Qxd6 29. Nc7+ Kf8 30. Ne6+ Kg8 31. Nc7+ Kf8 1/2-1/2

[Event "Campeonato Carioca Absoluto FEXERJ  2023"]
[Site "Club Municipal - R Haddock Lob"]
[Date "2023.07.22"]
[Round "2.9"]
[White "Eduardo, Lisboa Torres"]
[Black "Arnaldo, Leite Mesquita"]
[Result "1-0"]
[WhiteElo "2123"]
[BlackElo "1864"]
[PlyCount "41"]
[EventDate "2023.07.22"]

1. d4 Nf6 2. c4 e5 3. dxe5 Ng4 4. Bf4 Bc5 5. e3 d6 6. exd6 cxd6 7. Be2 Ne5 8.
Nf3 Nbc6 9. O-O Bf5 10. Nc3 h6 11. Na4 g5 12. Nxc5 Nxf3+ 13. Bxf3 dxc5 14. Bd6
Qb6 15. Qd5 Be6 16. Qxc5 Qxc5 17. Bxc5 Bxc4 18. Rfc1 Ne5 19. Bxb7 Rb8 20. Bd6
Rxb7 21. Bxe5 1-0

[Event "Campeonato Carioca Absoluto FEXERJ  2023"]
[Site "Club Municipal - R Haddock Lob"]
[Date "2023.07.22"]
[Round "2.10"]
[White "Jonathan, Goncalves Bezerra"]
[Black "Tadeu, Sousa Santos Filho"]
[Result "1/2-1/2"]
[WhiteElo "1896"]
[BlackElo "2117"]
[PlyCount "75"]
[EventDate "2023.07.22"]

1. e4 c6 2. Nf3 d5 3. Nc3 dxe4 4. Nxe4 Nf6 5. Qe2 Nxe4 6. Qxe4 Nd7 7. Bc4 Nf6
8. Ne5 e6 9. Qe2 b5 10. Nxc6 Qb6 11. Bxb5 a6 12. Nd4+ axb5 13. Qxb5+ Qxb5 14.
Nxb5 Ra5 15. c4 Kd7 16. d3 Bb4+ 17. Ke2 Ba6 18. Nd4 Bb7 19. f3 Re5+ 20. Kd1 Rd8
21. Bf4 Ra5 22. Nb3 Ra4 23. a3 Bd6 24. Be3 e5 25. Kc2 Nh5 26. Rhg1 f5 27. Kc3
f4 28. Bf2 g5 29. Rae1 Nf6 30. Nc5+ Bxc5 31. Bxc5 Re8 32. b3 Ra5 33. Bb4 Raa8
34. Kb2 g4 35. Bc3 Kd6 36. Bb4+ Kd7 37. Bc3 Kd6 38. Bb4+ 1/2-1/2

[Event "Campeonato Carioca Absoluto FEXERJ  2023"]
[Site "Club Municipal - R Haddock Lob"]
[Date "2023.07.22"]
[Round "2.11"]
[White "Marcelo, Einhorn"]
[Black "Marcio, Roberto Oliveira Lim"]
[Result "0-1"]
[WhiteElo "2116"]
[BlackElo "1847"]
[PlyCount "86"]
[EventDate "2023.07.22"]

1. e4 c5 2. c4 e6 3. Nc3 Nc6 4. g3 Nf6 5. Bg2 e5 6. Nge2 d6 7. h3 Be7 8. O-O
O-O 9. f4 Rb8 10. f5 a6 11. a4 Nd4 12. g4 h6 13. d3 Bd7 14. Nxd4 cxd4 15. Ne2
b5 16. axb5 axb5 17. b3 bxc4 18. bxc4 Qb6 19. Ng3 Qb3 20. Qe2 Ra8 21. Bd2 Ra2
22. Rxa2 Qxa2 23. Rf2 Rb8 24. Qf3 Rb2 25. Be1 Nh7 26. Rxb2 Qxb2 27. Nh5 Qc1 28.
Qg3 Bg5 29. Bf1 g6 30. h4 Be3+ 31. Kg2 gxh5 32. gxh5+ Kf8 33. Be2 Nf6 34. Kh3
Bf4 35. Qf2 Qe3+ 36. Qxe3 Bxe3 37. Bb4 Ke7 38. c5 Bb5 39. cxd6+ Kd7 40. Kg2
Nxe4 41. Bf3 Nxd6 42. Be1 Bc6 43. Bb4 Nb7 0-1

[Event "Campeonato Carioca Absoluto FEXERJ  2023"]
[Site "Club Municipal - R Haddock Lob"]
[Date "2023.07.22"]
[Round "2.12"]
[White "Almir, Souza De Almeida"]
[Black "Ian, Telek Cavalcanti De"]
[Result "0-1"]
[WhiteElo "1868"]
[BlackElo "2109"]
[PlyCount "72"]
[EventDate "2023.07.22"]

1. Nf3 c5 2. g3 Nc6 3. Bg2 g6 4. O-O Bg7 5. d3 e5 6. e4 Nge7 7. Nbd2 O-O 8. a4
f5 9. exf5 gxf5 10. Nc4 d5 11. Na3 f4 12. gxf4 Bg4 13. Qe1 exf4 14. c3 Qe8 15.
h3 Bf5 16. Qd1 Qh5 17. Kh2 Bg4 18. Nc2 Ne5 19. Nce1 Nxf3+ 20. Nxf3 Nc6 21. Kg1
Bxh3 22. Nh2 Qg5 23. Qf3 Bxg2 24. Qxg2 Qf5 25. Rd1 Rae8 26. Bd2 Kh8 27. Be1 Ne5
28. d4 cxd4 29. cxd4 f3 30. Qg3 Nc6 31. Bc3 Re6 32. Kh1 Rg6 33. Qh4 Bf6 34. Qg3
Rxg3 35. fxg3 Qh3 36. Be1 Qg2# 0-1

[Event "Campeonato Carioca Absoluto FEXERJ  2023"]
[Site "Club Municipal - R Haddock Lob"]
[Date "2023.07.22"]
[Round "2.13"]
[White "Alexandre, Ferreira Campos"]
[Black "Wallace, Fernandes Machado"]
[Result "1/2-1/2"]
[WhiteElo "2100"]
[BlackElo "1826"]
[PlyCount "59"]
[EventDate "2023.07.22"]

1. Nf3 c5 2. c4 e6 3. g3 Nf6 4. Bg2 Nc6 5. Nc3 a6 6. O-O Be7 7. e4 d6 8. d3 Qc7
9. h3 Bd7 10. Be3 O-O 11. Rc1 Rfd8 12. a3 Be8 13. d4 cxd4 14. Nxd4 Nxd4 15.
Bxd4 Rac8 16. Qd2 h6 17. Qe3 Nd7 18. f4 Bf6 19. Bxf6 Nxf6 20. b4 Qe7 21. e5 Nh7
22. Ne4 dxe5 23. fxe5 Rc7 24. Nd6 Nf8 25. c5 Ng6 26. h4 Rdd7 27. c6 bxc6 28.
Bxc6 Rxc6 29. Rxc6 Ra7 30. Rc8 1/2-1/2

[Event "Campeonato Carioca Absoluto FEXERJ  2023"]
[Site "Club Municipal - R Haddock Lob"]
[Date "2023.07.22"]
[Round "2.14"]
[White "Antonio, Marcos Pinon Rial"]
[Black "Silas, Carvalho Fernandes"]
[Result "0-1"]
[WhiteElo "1852"]
[BlackElo "2086"]
[PlyCount "64"]
[EventDate "2023.07.22"]

1. d4 d5 2. Nf3 Nf6 3. e3 e6 4. Bd3 Bd6 5. O-O O-O 6. b3 b6 7. Bb2 Ba6 8. Bxa6
Nxa6 9. Qe2 Nb8 10. Nbd2 Nbd7 11. Ne5 c5 12. c4 Rc8 13. Rac1 Qc7 14. f4 Qb8 15.
Rf3 cxd4 16. Bxd4 Nxe5 17. fxe5 Bxe5 18. Rcf1 Bxd4 19. exd4 dxc4 20. bxc4 Qd6
21. Rxf6 gxf6 22. Qg4+ Kh8 23. Qh4 Rg8 24. Qxf6+ Rg7 25. Rf4 Qd8 26. Qe5 Qc7
27. Qf6 Kg8 28. g4 Rg6 29. Qe5 Qxe5 30. dxe5 Rc5 31. Re4 Ra5 32. Re1 Rxg4+ 0-1

[Event "Campeonato Carioca Absoluto FEXERJ  2023"]
[Site "Club Municipal - R Haddock Lob"]
[Date "2023.07.22"]
[Round "2.15"]
[White "Milton, Kasuo Okamura"]
[Black "Joao, Galetti Carvalho"]
[Result "1-0"]
[WhiteElo "2069"]
[BlackElo "1810"]
[PlyCount "93"]
[EventDate "2023.07.22"]

1. d4 Nf6 2. c4 e6 3. Nc3 Bb4 4. e3 O-O 5. Bd3 d6 6. Nge2 Nbd7 7. a3 Bxc3+ 8.
Nxc3 d5 9. O-O dxc4 10. Bxc4 b6 11. e4 Bb7 12. f3 c5 13. Be3 cxd4 14. Bxd4 Qc7
15. Qe2 Rac8 16. Ba2 Rfd8 17. Rfd1 a6 18. Rac1 e5 19. Be3 Qb8 20. Bg5 h6 21.
Bh4 Rc7 22. Rd2 Rdc8 23. Rcd1 Qa7 24. Qe3 Ba8 25. Bf2 Nc5 26. Qe2 Nh5 27. g3
Nf6 28. Be3 Rd7 29. Rxd7 Ncxd7 30. Qd3 Qb7 31. Nd5 Kf8 32. Nxf6 Nxf6 33. Qd6+
Qe7 34. Qxb6 Bb7 35. Bb3 Nd7 36. Qa5 Nc5 37. Bc2 f6 38. Qb4 Ne6 39. Qxe7+ Kxe7
40. Bb3 Bc6 41. Rc1 Bd7 42. Rxc8 Bxc8 43. Kf2 Kd6 44. Bc4 Bb7 45. b4 Bc8 46.
Ke2 Bb7 47. Kd3 1-0

[Event "Campeonato Carioca Absoluto FEXERJ  2023"]
[Site "Club Municipal - R Haddock Lob"]
[Date "2023.07.22"]
[Round "2.16"]
[White "Angelo, Costa Barros"]
[Black "David, Teles Yunes"]
[Result "1/2-1/2"]
[WhiteElo "1846"]
[BlackElo "2063"]
[PlyCount "103"]
[EventDate "2023.07.22"]

1. e4 c5 2. Nf3 g6 3. d4 cxd4 4. Nxd4 Bg7 5. c4 Nc6 6. Be3 Nf6 7. Nc3 O-O 8.
Be2 d6 9. O-O Bd7 10. Nc2 a5 11. h3 a4 12. Qd2 Qc8 13. Bh6 Na5 14. Bxg7 Kxg7
15. Ne3 Be6 16. Qd3 Nc6 17. Rac1 Ne5 18. Qd4 Qc5 19. Qxc5 dxc5 20. f4 Nc6 21.
e5 Nd7 22. Ned5 Bxd5 23. cxd5 Nd4 24. Bg4 Nb6 25. Bf3 Rfd8 26. Be4 Nc4 27. Rf2
f6 28. Nb5 Ne3 29. Rxc5 Nxb5 30. Rxb5 Rac8 31. Rxb7 Rc1+ 32. Kh2 Nf1+ 33. Rxf1
Rxf1 34. Bf3 Re1 35. Rxe7+ Kf8 36. Rxh7 fxe5 37. Rh8+ Ke7 38. Rxd8 Kxd8 39.
fxe5 Rxe5 40. Bd1 a3 41. bxa3 Rxd5 42. Bb3 Ra5 43. h4 Rxa3 44. Kg3 Ke7 45. Kf4
Kf6 46. Ke4 Ra5 47. Kd4 Kf5 48. a4 Kg4 49. Kc4 Rf5 50. Kb4 Kxh4 51. a5 Kg3 52.
a6 1/2-1/2

[Event "Campeonato Carioca Absoluto FEXERJ  2023"]
[Site "Club Municipal - R Haddock Lob"]
[Date "2023.07.22"]
[Round "2.17"]
[White "Lucas, Dos Santos Peixoto G"]
[Black "Andrea, Cappelli Neto"]
[Result "1-0"]
[WhiteElo "2063"]
[BlackElo "1794"]
[PlyCount "61"]
[EventDate "2023.07.22"]

1. e4 c5 2. Nf3 g6 3. d4 cxd4 4. Nxd4 Bg7 5. c4 Nc6 6. Be3 e5 7. Nb5 Nge7 8.
Nd6+ Kf8 9. Qf3 f6 10. Nc3 a6 11. c5 Nd4 12. Qd1 Nec6 13. Qa4 Qa5 14. Qc4 Ne6
15. O-O-O Qb4 16. Nd5 Qxc4+ 17. Bxc4 Ncd4 18. Nb6 Nxc5 19. Nxa8 Ke7 20. Nxc8+
Rxc8 21. Nb6 Rc6 22. Nd5+ Kd8 23. Kb1 Nxe4 24. Bd3 Nc5 25. Bxd4 exd4 26. Rhe1
Re6 27. Nf4 Rxe1 28. Rxe1 g5 29. Nh5 Nxd3 30. Rd1 Nxf2 31. Rf1 1-0

[Event "Campeonato Carioca Absoluto FEXERJ  2023"]
[Site "Club Municipal - R Haddock Lob"]
[Date "2023.07.22"]
[Round "2.18"]
[White "Vitor, Henrique Leopoldino"]
[Black "Paulo, Moses Fucs"]
[Result "0-1"]
[WhiteElo "1818"]
[BlackElo "2062"]
[PlyCount "54"]
[EventDate "2023.07.22"]

1. e4 c5 2. Nf3 Nc6 3. d4 cxd4 4. Nxd4 d6 5. c4 Nf6 6. Nc3 g6 7. Be2 Bg7 8. Be3
O-O 9. O-O Nxd4 10. Bxd4 Be6 11. Re1 Qa5 12. Bf1 Rfc8 13. b3 Re8 14. Nd5 Nxd5
15. exd5 Bd7 16. Bxg7 Kxg7 17. Qd4+ Kg8 18. g3 Rac8 19. Re2 Qc5 20. Qh4 e5 21.
dxe6 Rxe6 22. Rd2 Bc6 23. Bh3 f5 24. Qd4 Rce8 25. Kf1 Qe5 26. Rdd1 Qe2+ 27. Kg1
Qf3 0-1

[Event "Campeonato Carioca Absoluto FEXERJ  2023"]
[Site "Club Municipal - R Haddock Lob"]
[Date "2023.07.22"]
[Round "2.20"]
[White "Jorge, Antonio Torres Chave"]
[Black "Ana, Karla Da Silva Danta"]
[Result "0-1"]
[WhiteElo "2034"]
[BlackElo "1727"]
[PlyCount "60"]
[EventDate "2023.07.22"]

1. d4 g6 2. Nf3 Bg7 3. Bg5 Nf6 4. Nbd2 d5 5. e3 Bf5 6. c4 Ne4 7. Nxe4 dxe4 8.
Nd2 Qd7 9. f3 exf3 10. gxf3 c5 11. e4 Be6 12. d5 Bh3 13. Qb3 Bxf1 14. Rxf1 O-O
15. Be3 Qc7 16. f4 Nd7 17. Rd1 b6 18. Rf3 Nf6 19. h3 Bh6 20. e5 Nh5 21. Ne4
Rad8 22. d6 Qc6 23. Qc2 exd6 24. Rd5 dxe5 25. Qd2 Rxd5 26. cxd5 Qd7 27. fxe5
Bxe3 28. Rxe3 Re8 29. Nc3 Nf4 30. Kd1 Qf5 0-1

[Event "Campeonato Carioca Absoluto FEXERJ  2023"]
[Site "Club Municipal - R Haddock Lob"]
[Date "2023.07.22"]
[Round "2.21"]
[White "Giovana, Dos Santos Teixeira"]
[Black "Alvaro, De Moraes Frota"]
[Result "0-1"]
[WhiteElo "1789"]
[BlackElo "2020"]
[Annotator "Carvalho"]
[PlyCount "50"]
[EventDate "2023.07.22"]

1. f4 e5 2. fxe5 Nc6 3. Nf3 g5 4. d4 g4 5. Ng1 d6 6. exd6 Bxd6 7. g3 Nxd4 8. e3
Nc6 9. Bd3 h5 10. Be4 Qe7 11. Nc3 Nf6 12. Bg2 Bf5 13. Nge2 O-O-O 14. Bd2 Nb4
15. Nd4 Be4 16. Nxe4 Nxe4 17. Nf5 Qe5 18. Nxd6+ Rxd6 19. Bxe4 Qxe4 20. O-O Rhd8
21. Rf2 Qxc2 22. Qxc2 Nxc2 23. Rd1 Nxe3 24. Re1 Nc2 25. Ree2 Nd4 {(Tempo)} 0-1

[Event "Campeonato Carioca Absoluto FEXERJ  2023"]
[Site "Club Municipal - R Haddock Lob"]
[Date "2023.07.22"]
[Round "2.22"]
[White "Natacio, Goncalves Bezerra"]
[Black "Bruno, Ramalho Calcada"]
[Result "1-0"]
[WhiteElo "2018"]
[BlackElo "1663"]
[PlyCount "84"]
[EventDate "2023.07.22"]

1. e4 c5 2. Nf3 Nc6 3. Bb5 g6 4. O-O Bg7 5. c3 Qb6 6. Ba4 e6 7. Re1 Ne5 8. d3
Ne7 9. Na3 N7c6 10. Rb1 O-O 11. Bf4 Nxf3+ 12. Qxf3 e5 13. Be3 d6 14. b4 Qa6 15.
Bxc6 bxc6 16. Nc4 d5 17. exd5 cxd5 18. Qxd5 Be6 19. Qxc5 Rfc8 20. Qa5 Bxc4 21.
dxc4 Qxa5 22. bxa5 Rxc4 23. Rb7 a6 24. Reb1 Rcc8 25. R1b3 e4 26. Re7 Bxc3 27.
Rbb7 f5 28. Rxh7 Rab8 29. g3 Rxb7 30. Rxb7 Bxa5 31. Ra7 Rc6 32. Kg2 Bb4 33. a4
a5 34. h3 Rc2 35. Bb6 Be1 36. Rc7 Ra2 37. Rc6 Kf7 38. Rc7+ Kg8 39. Rc6 Rxa4 40.
Rxg6+ Kf7 41. Rc6 Ra2 42. Bd4 Rd2 1-0

[Event "Campeonato Carioca Absoluto FEXERJ  2023"]
[Site "Club Municipal - R Haddock Lob"]
[Date "2023.07.22"]
[Round "2.23"]
[White "Carlos, Frederico Barroso De"]
[Black "Marcelo, Dos Santos Silva"]
[Result "1/2-1/2"]
[WhiteElo "1750"]
[BlackElo "1993"]
[PlyCount "26"]
[EventDate "2023.07.22"]

1. d4 e6 2. c4 f5 3. Nf3 Nf6 4. Nc3 Be7 5. Qc2 b6 6. e4 fxe4 7. Nxe4 Bb7 8. Bd3
Bb4+ 9. Bd2 Bxd2+ 10. Nfxd2 Nxe4 11. Bxe4 c6 12. d5 O-O 13. O-O Qf6 1/2-1/2

[Event "Campeonato Carioca Absoluto FEXERJ  2023"]
[Site "Club Municipal - R Haddock Lob"]
[Date "2023.07.22"]
[Round "2.24"]
[White "Sergio, Murilo Soares Guimar"]
[Black "Mauro, Machado De Carvalho"]
[Result "1-0"]
[WhiteElo "1989"]
[BlackElo "1459"]
[PlyCount "80"]
[EventDate "2023.07.22"]

1. e4 c6 2. d3 d5 3. Nf3 Bg4 4. Nc3 e6 5. h3 Bh5 6. Be2 Be7 7. O-O Nf6 8. exd5
cxd5 9. Bf4 a6 10. Qd2 O-O 11. Ne5 Bxe2 12. Nxe2 Nbd7 13. Bh2 Rc8 14. Nd4 Nxe5
15. Bxe5 Nd7 16. Bg3 Bf6 17. Ne2 Ne5 18. Bxe5 Bxe5 19. c3 Bf6 20. d4 b5 21. a4
b4 22. Qd3 a5 23. cxb4 Rc4 24. b5 Qb6 25. b3 Rc7 26. b4 Ra8 27. bxa5 Rxa5 28.
Rfc1 Rxc1+ 29. Rxc1 Ra8 30. Qc3 Qd8 31. Qc7 Qf8 32. a5 Bd8 33. Qc6 Bxa5 34. b6
Bxb6 35. Qxb6 h6 36. Qc5 Qb8 37. Qc6 g5 38. Ng3 Kg7 39. Nh5+ Kg6 40. g4 Ra2 1-0

[Event "Campeonato Carioca Absoluto FEXERJ  2023"]
[Site "Club Municipal - R Haddock Lob"]
[Date "2023.07.22"]
[Round "2.25"]
[White "Marcos, Vinicius Santiago Fi"]
[Black "Isac, Araujo De Oliveira F"]
[Result "0-1"]
[WhiteElo "1741"]
[BlackElo "1988"]
[PlyCount "78"]
[EventDate "2023.07.22"]

1. e4 e5 2. Nf3 Nf6 3. Nc3 Bb4 4. d3 d5 5. exd5 Nxd5 6. Bd2 O-O 7. Be2 Nc6 8.
a3 Nxc3 9. bxc3 Bc5 10. O-O Qd6 11. a4 Bf5 12. Be3 Rad8 13. Nd2 Rfe8 14. Bg4
Bg6 15. Bh5 Bxe3 16. fxe3 Qc5 17. Re1 Bxh5 18. Qxh5 Qxc3 19. Ne4 Qxc2 20. Rf1
Qxd3 21. Qxf7+ Kh8 22. Rad1 Qxe3+ 23. Kh1 Nd4 24. Nf6 Rf8 25. Qe7 Qg5 26. Qxc7
gxf6 27. Rd3 Ne6 28. Rxd8 Nxc7 29. Rxf8+ Kg7 30. Rc8 Ne6 31. Rf3 Kf7 32. Rd3
Ke7 33. Rb3 Qf4 34. Rf3 Qxa4 35. h3 e4 36. Re3 Qa1+ 37. Kh2 Qe5+ 38. Rg3 h5 39.
Kg1 e3 0-1

[Event "Campeonato Carioca Absoluto FEXERJ  2023"]
[Site "Club Municipal - R Haddock Lob"]
[Date "2023.07.22"]
[Round "2.26"]
[White "Igor, Miranda Souza"]
[Black "Eduardo, Moraes Lopes"]
[Result "0-1"]
[WhiteElo "1533"]
[BlackElo "1985"]
[PlyCount "52"]
[EventDate "2023.07.22"]

1. d4 d5 2. Nf3 Nf6 3. Bf4 c5 4. c3 Nc6 5. e3 Qb6 6. Qb3 c4 7. Qxb6 axb6 8.
Nbd2 b5 9. g3 b4 10. a3 bxc3 11. bxc3 Bf5 12. Nh4 Bd7 13. Bg2 h6 14. Nhf3 Bf5
15. O-O e6 16. a4 Kd7 17. h3 Bd6 18. Bxd6 Kxd6 19. Ra2 b5 20. Rfa1 b4 21. cxb4
Nxb4 22. Ra3 Nc2 23. Ne5 Nxa3 24. Rxa3 Rhc8 25. e4 c3 26. Ndc4+ dxc4 0-1

[Event "Campeonato Carioca Absoluto FEXERJ  2023"]
[Site "Club Municipal - R Haddock Lob"]
[Date "2023.07.22"]
[Round "2.29"]
[White "Fernando, Antonio De Barros Ma"]
[Black "Jonathas, Primo Barbosa Lopes"]
[Result "1-0"]
[WhiteElo "2146"]
[BlackElo "1762"]
[PlyCount "94"]
[EventDate "2023.07.22"]

1. e4 c5 2. c3 e6 3. d4 cxd4 4. cxd4 d5 5. Nc3 dxe4 6. Nxe4 Nf6 7. Nxf6+ Qxf6
8. Nf3 Bb4+ 9. Bd2 Bxd2+ 10. Qxd2 O-O 11. Bd3 Nc6 12. O-O h6 13. Rac1 Bd7 14.
Rfd1 Rac8 15. Bb1 Rfd8 16. Qe2 Ne7 17. Rxc8 Rxc8 18. Ne5 Be8 19. Qe4 Qf5 20.
Qxb7 Qg5 21. g3 Kf8 22. h4 Qh5 23. Qf3 Qxf3 24. Nxf3 Nd5 25. Ne5 f6 26. Nd3 Ke7
27. Rc1 Rxc1+ 28. Nxc1 Nb4 29. Kf1 Kd6 30. Ke2 Kd5 31. Ke3 Bb5 32. Be4+ Kd6 33.
a3 Nc6 34. Bxc6 Kxc6 35. Ne2 Bxe2 36. Kxe2 Kd5 37. Kd3 a5 38. b3 g6 39. f3 g5
40. h5 f5 41. g4 fxg4 42. fxg4 e5 43. dxe5 Kxe5 44. Ke3 Kd5 45. b4 a4 46. Kd3
Ke5 47. b5 Kd5 1-0

[Event "Campeonato Carioca Absoluto FEXERJ  2023"]
[Site "Club Municipal - R Haddock Lob"]
[Date "2023.07.22"]
[Round "2.31"]
[White "Oscar, Antonio Solano Rueda"]
[Black "Nathalia, Neves Batista"]
[Result "1-0"]
[WhiteElo "1987"]
[BlackElo "1368"]
[PlyCount "55"]
[EventDate "2023.07.22"]

1. e4 c6 2. d4 d5 3. Nc3 dxe4 4. Nxe4 Nf6 5. Nxf6+ exf6 6. Nf3 Bd6 7. Be2 O-O
8. c4 Bg4 9. c5 Bc7 10. Be3 Ba5+ 11. Bd2 Bxd2+ 12. Qxd2 Nd7 13. O-O Bxf3 14.
Bxf3 Re8 15. b4 a6 16. Rad1 Nf8 17. d5 cxd5 18. Bxd5 Rb8 19. Qc2 Qc7 20. Rd2
Ne6 21. Rfd1 Rbd8 22. g3 g6 23. Qc4 Kg7 24. a3 a5 25. b5 Rc8 26. Bxe6 Rxe6 27.
Rd7 Qxc5 28. Qxe6 1-0

[Event "Campeonato Carioca Absoluto FEXERJ  2023"]
[Site "Club Municipal - R Haddock Lob"]
[Date "2023.07.22"]
[Round "2.32"]
[White "Carlos, Guilherme Rodrigues"]
[Black "Carlos, Andre Vieira Ferreir"]
[Result "1-0"]
[WhiteElo "1802"]
[BlackElo "1324"]
[PlyCount "55"]
[EventDate "2023.07.22"]

1. d4 e6 2. e3 d5 3. Bd3 Nf6 4. Nd2 Bd6 5. f4 b6 6. Qe2 c5 7. c3 c4 8. Bc2 O-O
9. Ngf3 b5 10. a3 a5 11. O-O Nc6 12. Ne5 Bd7 13. e4 h6 14. Nxc6 Bxc6 15. e5 Bc7
16. exf6 Qxf6 17. Nf3 Bxf4 18. Bxf4 Qxf4 19. Ne5 Qg5 20. Nxc6 Rfc8 21. Ne5 f6
22. Nf3 Qh5 23. Qxe6+ Kf8 24. Ne5 g5 25. Rxf6+ Kg7 26. Rg6+ Kh8 27. Nf7+ Kh7
28. Rxh6+ 1-0